[Event "Santiago ARAIS tt"]
[Site "Santiago"]
[Date "1993.??.??"]
[Round "7"]
[White "Ader Hausman, Walter"]
[Black "Vasquez, Rodrigo"]
[Result "0-1"]
[WhiteElo "2270"]
[BlackElo "2475"]

1.d4 Nf6 2.c4 e6 3.Nf3 c5 4.d5 exd5 5.cxd5 d6 6.Nc3 g6 7.e4 Bg7 8.Be2 O-O
9.O-O Re8 10.Qc2 a6 11.a4 Bg4 12.h3 Bxf3 13.Bxf3 Nbd7 14.g4 h6 15.Bg2 c4
16.Be3 Rc8 17.Rfd1 Nc5 18.f3 Nb3 19.Ra3 Nd7 20.Bf1 Na5 21.Qf2 Nc5 22.Bd4 Bxd4
23.Qxd4 Qg5 24.Nb1 Ncb3 25.Qf2 Qf6 26.Nc3 h5 27.Be2 hxg4 28.fxg4 Qe5 29.Kg2 Rc5
30.Rf1 Re7 31.Qf6 b5 32.Qxe5 Rxe5 33.axb5 axb5 34.Ra2 b4 35.Na4 Rc7 36.Bf3 Nd2
37.Rd1 Nab3 38.Nb6 Nxf3 39.Kxf3 c3 40.bxc3 bxc3 41.Ra8+ Kg7 42.Nc8 Nd2+ 43.Kg2 Rxe4
44.Rc1 Re2+ 45.Kg3 Nb3 46.Rf1 Re8 47.Ra3 Nd2 48.Nxd6 Nxf1+ 49.Kf2 Rd8 50.Nb5 c2  0-1

[Event "Seefeld op"]
[Site "Seefeld"]
[Date "1993.??.??"]
[Round "2"]
[White "Galonska, Joern"]
[Black "Kubacsny, Laszlo"]
[Result "0-1"]
[WhiteElo "2105"]
[BlackElo "2320"]

1.d4 Nf6 2.c4 c5 3.d5 e6 4.Nc3 exd5 5.cxd5 d6 6.Nf3 g6 7.Bf4 Bg7 8.Qa4+ Bd7
9.Qb3 Qc7 10.e4 O-O 11.Be2 a6 12.a4 Bg4 13.O-O Nbd7 14.h3 Bxf3 15.Bxf3 Rfe8
16.Rfe1 Ne5 17.Be2 h6 18.Bh2 g5 19.Qc2 Ng6 20.a5 Re7 21.f3 Rae8 22.Nd1 Nd7
23.Kh1 Bd4 24.Bc4 Nf4 25.Qd2 Ne5 26.Bf1 Neg6 27.Ne3 Bxe3 28.Rxe3 Qd7 29.Bg1 h5
30.Kh2 g4 31.hxg4 hxg4 32.g3 Nh5 33.f4 Nf6 34.e5 dxe5 35.d6 Re6 36.f5 Rxd6
37.Rd3 Rxd3 38.Bxd3 e4 39.fxg6 exd3 40.gxf7+ Kxf7 41.Be3 Qd5 42.Kg1 Qf3  0-1

[Event "Sevilla op"]
[Site "Sevilla"]
[Date "1993.??.??"]
[Round "?"]
[White "Gomez Jurado, Luis Alberto"]
[Black "Fernandez Lopez, Felix"]
[Result "1-0"]
[WhiteElo "2305"]
[BlackElo "2330"]

1.d4 Nf6 2.c4 c5 3.d5 e6 4.Nc3 exd5 5.cxd5 d6 6.Nf3 g6 7.h3 Bg7 8.e4 O-O
9.Bd3 b5 10.Bxb5 Nxe4 11.Nxe4 Qa5+ 12.Nfd2 Qxb5 13.Nxd6 Qa6 14.N2c4 Nd7 15.O-O Nb6
16.Nxb6 Qxb6 17.Ne4 Re8 18.Qf3 Bb7 19.Rd1 Rad8 20.Nc3 Rd7 21.Be3 Qxb2 22.Na4 Qb5
23.Nxc5 Bxa1 24.a4 Qc4 25.Nxd7 Rd8 26.Nf6+ Kg7 27.Rxa1 Qc3 28.Rd1  1-0

[Event "Sochi"]
[Site "Sochi"]
[Date "1993.??.??"]
[Round "?"]
[White "Neverov, Valeriy"]
[Black "Berelovich, Aleksandar"]
[Result "1-0"]
[WhiteElo "2535"]
[BlackElo "2510"]

1.d4 Nf6 2.c4 e6 3.Nf3 c5 4.d5 exd5 5.cxd5 d6 6.Nc3 g6 7.e4 Bg7 8.h3 O-O
9.Bd3 b5 10.Nxb5 Re8 11.O-O Nxe4 12.Re1 a6 13.Na3 Nf6 14.Rxe8+ Nxe8 15.Bg5 Bf6
16.Qd2 Bb7 17.Bc2 Nd7 18.Nc4 Bxg5 19.Nxg5 Ndf6 20.Ne3 h6 21.Ne4 Nxe4 22.Bxe4 Qg5
23.g3 Nf6 24.Bg2 Re8 25.h4 Qe5 26.Rc1 Qd4 27.Rd1 Qxd2 28.Rxd2 Bc8 29.Rd3 Ng4
30.Rb3 Kf8 31.Rb6 Nxe3 32.fxe3 Rxe3 33.Kf2 Re5 34.Rxd6 Ke7 35.Rc6 Kd8 36.Rxc5 Bb7
37.b4 Kd7 38.d6 Rxc5 39.bxc5 Bc8 40.Ke3  1-0

[Event "Stockerau"]
[Site "Stockerau"]
[Date "1993.??.??"]
[Round "6"]
[White "Gyimesi, Zoltan"]
[Black "Schweda, Roland"]
[Result "1/2-1/2"]
[WhiteElo "2390"]
[BlackElo "2305"]

1.d4 Nf6 2.c4 c5 3.d5 e6 4.Nc3 exd5 5.cxd5 d6 6.Nf3 g6 7.Nd2 Nbd7 8.e4 Bg7
9.Be2 O-O 10.O-O a6 11.a4 Re8 12.Re1 Rb8 13.a5 Qc7 14.Qc2 b5 15.axb6 Nxb6
16.Nc4 Nfd7 17.Na5 Ne5 18.h3 f5 19.exf5 Bxf5 20.Qd1 c4 21.Bf4 Nbd7 22.Nc6 Rxb2
23.Bxc4 Rf8  1/2-1/2

[Event "Rilton Cup op9394"]
[Site "Stockholm"]
[Date "1993.??.??"]
[Round "2"]
[White "Cramling, Pia"]
[Black "Lyrberg, Patrik"]
[Result "1-0"]
[WhiteElo "2525"]
[BlackElo "2420"]

1.d4 e6 2.Nf3 Nf6 3.c4 c5 4.d5 exd5 5.cxd5 d6 6.Nc3 g6 7.h3 a6 8.a4 Qe7 9.Bg5 Bg7
10.e3 h6 11.Bh4 O-O 12.Nd2 Nbd7 13.Bd3 Rb8 14.O-O Ne5 15.Bc2 g5 16.Bg3 b5
17.axb5 axb5 18.f4 Nc4 19.Nxc4 bxc4 20.fxg5 hxg5 21.Rxf6 Bxf6 22.Qh5 Rd8
23.Rf1 Bg7 24.Bh7+ Kf8 25.Ne4 Rb7 26.Qg6 Rb6 27.Nxg5 f6 28.Bh4 Qxe3+ 29.Kh1 Qe7
30.Ne6+ Bxe6 31.Bxf6 Bxf6 32.Rxf6+ Bf7 33.Qg8+  1-0

[Event "EU-ch U18 Girls"]
[Site "Svitavy"]
[Date "1993.??.??"]
[Round "3"]
[White "Lymar, Irina"]
[Black "Sasu Ducsoara, Andrea"]
[Result "1-0"]
[WhiteElo "2275"]
[BlackElo "2080"]

1.d4 Nf6 2.Nf3 e6 3.c4 c5 4.d5 exd5 5.cxd5 d6 6.Nc3 g6 7.h3 Bg7 8.e4 O-O
9.Bd3 Re8 10.O-O c4 11.Bc2 b5 12.a3 a6 13.Be3 Nbd7 14.Nd4 Nc5 15.Nc6 Qb6
16.Bd4 Bb7 17.Qf3 Nfd7 18.Bxg7 Kxg7 19.Qg3 Bxc6 20.dxc6 Qxc6 21.Rad1 Ne5
22.Nd5 Ned3 23.f3 Nxb2 24.Qg5 Nxd1 25.Qf6+ Kg8 26.Rxd1 Re6 27.Qxe6 fxe6 28.Ne7+ Kf7
29.Nxc6 Nb7 30.a4 Rc8 31.axb5 axb5 32.Na7 Rc5 33.Rb1 d5 34.Rxb5 Rc7 35.exd5 Nd6
36.Rb6  1-0

[Event "Vicente Lopez op"]
[Site "Vicente Lopez"]
[Date "1993.??.??"]
[Round "2"]
[White "Cerin, A."]
[Black "Garbarino, Rodolfo"]
[Result "0-1"]
[WhiteElo "2140"]
[BlackElo "2405"]

1.d4 Nf6 2.c4 c5 3.d5 e6 4.Nc3 exd5 5.cxd5 d6 6.Nf3 g6 7.Nd2 Nbd7 8.e4 a6
9.a4 Bg7 10.Nc4 Nb6 11.Ne3 Qe7 12.Bd3 O-O 13.O-O h5 14.h3 h4 15.a5 Nbd7 16.f4 b5
17.axb6 Nxb6 18.Qf3 Re8 19.Bd2 c4 20.Bc2 Rb8 21.Rae1 Nh5 22.e5 Ng3 23.Rf2 dxe5
24.f5 e4 25.Qf4 Bxf5 26.Nxf5 gxf5 27.d6 Qf6 28.Be3 Qg6 29.Rd1 Nd7 30.Nd5 Be5
31.Qxh4 Kg7 32.Nf4 Bxf4 33.Bxf4 e3 34.Bxg3 exf2+ 35.Bxf2 f6 36.Qf4 Re5 37.Ba4 Re4
38.Qf3 Ne5 39.Qc3 f4 40.d7 f3 41.g3 Qh5 42.Qa3 Qxh3  0-1

[Event "Werfen"]
[Site "Werfen"]
[Date "1993.??.??"]
[Round "3"]
[White "Hager, Franz"]
[Black "Hardicsay, Peter"]
[Result "0-1"]
[WhiteElo "2275"]
[BlackElo "2360"]

1.d4 Nf6 2.c4 e6 3.Nf3 c5 4.d5 exd5 5.cxd5 d6 6.Nc3 g6 7.e4 a6 8.a4 Bg4 9.Qb3 Qe7
10.Nd2 Bc8 11.Be2 Nbd7 12.O-O Bg7 13.f4 O-O 14.Bf3 h5 15.h3 Ng4 16.Ne2 Ngf6
17.Qc2 Re8 18.Ra3 Rb8 19.a5 b5 20.axb6 Nxb6 21.Nc3 Nh7 22.Be2 Bd4+ 23.Kh2 Nf6
24.Bf3 Ng4+ 25.Bxg4 hxg4 26.Ne2 gxh3 27.Nxd4 hxg2 28.Nc6 gxf1=N+ 29.Nxf1 Qh4+
30.Kg1 Rb7 31.Ng3 Bg4 32.Qh2 Qxh2+ 33.Kxh2 Nc4 34.Rxa6 Nxb2 35.Na5 Rb5 36.Nc6 Nd3
37.Be3 Rb2+ 38.Kg1 Ne1 39.e5 Nf3+ 40.Kf1 Bh3+  0-1

[Event "Oberliga Wuert9293"]
[Site "Wuerttemberg"]
[Date "1993.??.??"]
[Round "?"]
[White "Schneider, Frank"]
[Black "Palkovi, Jozsef"]
[Result "0-1"]
[WhiteElo "2240"]
[BlackElo "2405"]

1.d4 Nf6 2.c4 e6 3.Nf3 c5 4.d5 exd5 5.cxd5 d6 6.Nc3 g6 7.e4 Bg7 8.Be2 O-O
9.O-O Na6 10.Nd2 Ne8 11.Nc4 f5 12.Bf4 g5 13.Bd2 Nac7 14.a4 b6 15.exf5 Bxf5
16.Qc1 h6 17.Ne3 Bg6 18.Ra3 Qe7 19.Kh1 Nf6 20.Qd1 Rae8 21.Ng4 Ne4 22.Bd3 Ng3+
23.hxg3 Bxd3 24.Re1 Qf7 25.Be3 c4 26.Nb5 Nxb5 27.axb5 h5 28.Nh2 Bxb2 29.Rxd3 cxd3
30.Qxd3 g4 31.Rd1 Bg7 32.Nf1 Qf5 33.Qa3 Qd7 34.Qd3 Rc8 35.Bf4 h4 36.Ne3 hxg3
37.Bxg3 Rc5 38.Qg6 Rf6 39.Qg5 Kf7 40.Nxg4 Qf5 41.Qxf5 Rxf5 42.Ne3 Rh5+ 43.Kg1 Bh6
44.Ra1 Bxe3 45.Rxa7+ Kf6 46.fxe3 Rhxd5 47.Kf2 Rxb5 48.Kf3 Rb1 49.Bf4 b5 50.g4 b4
51.g5+ Kg6 52.Ra6 b3 53.Bxd6 Kf7 54.Ba3 Rxg5 55.Rb6 Ke8 56.Rb7 Ra5 57.Bb4 Ra7
58.Rb8+ Kd7 59.Bc3 Kc6 60.Ke4 Ra2 61.Bd4 Rd2 62.Rb6+ Kc7 63.Rb4 b2 64.Bc3 Rg2
65.Be5+ Kc6 66.Rb8 Kc5 67.Rb7 Kc4 68.Rb8 Rd2 69.Rb6 Re2 70.Rb8 Rbe1 71.Bxb2 Rxe3+
72.Kf4 Re7 73.Kf5 Rf1+ 74.Kg6 Re6+ 75.Kg7 Re2 76.Bf6 Kc5 77.Ra8 Re6  0-1

[Event "Cseppko op"]
[Site "Aggtelek"]
[Date "1994.??.??"]
[Round "6"]
[White "Szobi, Tibor"]
[Black "Kovacs, Aladar"]
[Result "1-0"]
[WhiteElo "2280"]
[BlackElo "2205"]

1.d4 Nf6 2.c4 e6 3.Nf3 c5 4.d5 exd5 5.cxd5 d6 6.Nc3 g6 7.e4 Bg7 8.Bd3 a6
9.a4 Bg4 10.O-O O-O 11.h3 Bxf3 12.gxf3 Nbd7 13.f4 Qe7 14.Qf3 Rae8 15.Bd2 c4
16.Bc2 Nh5 17.Rae1 Bh6 18.Bc1 Qf6 19.Qg4 Re7 20.Ne2 Qh8 21.Ng3 Nxg3 22.Qxg3 Bg7
23.Qa3 Bd4 24.Be3 Bxe3 25.Rxe3 Qf6 26.Rf3 b5 27.Qc3 Qxc3 28.Rxc3 Nc5 29.Ra1 Nxe4
30.Re3 Rfe8 31.Rae1 f5 32.f3 bxa4 33.fxe4 fxe4 34.Rxe4 Rxe4 35.Rxe4 Rb8 36.Rxc4 Rxb2
37.Bxa4 Rd2 38.Bc6 Kf7 39.Ra4 h5 40.Rxa6 Rd4 41.Ra4 Rd3 42.Kg2 Kf6 43.Re4 h4
44.Re6+ Kf5 45.Rxd6 Rg3+ 46.Kf2 Kxf4 47.Rf6+ Ke5 48.Rf3 Rg5 49.Re3+ Kd6 50.Re4 Rf5+
51.Ke2 g5 52.Re6+ Kc5 53.Rg6 Rf4 54.Rxg5 Rb4 55.Rg4  1-0

[Event "AUT-chT2S 9394"]
[Site "AUT"]
[Date "1994.??.??"]
[Round "?"]
[White "Novacan, Marko"]
[Black "Fabisch, Christian"]
[Result "1/2-1/2"]
[WhiteElo "2320"]
[BlackElo "2325"]

1.d4 Nf6 2.Nf3 c5 3.d5 e6 4.c4 exd5 5.cxd5 d6 6.Nc3 g6 7.Nd2 Nbd7 8.e4 Bg7
9.Be2 O-O 10.O-O Re8 11.f4 c4 12.Kh1 Nc5 13.e5 dxe5 14.fxe5 Rxe5 15.Nxc4 Re8  1/2-1/2

[Event "Belgrade (Women)"]
[Site "Belgrade"]
[Date "1994.??.??"]
[Round "1"]
[White "Peng, Zhaoqin"]
[Black "Madl, Ildiko"]
[Result "1-0"]
[WhiteElo "2370"]
[BlackElo "2420"]

1.d4 Nf6 2.c4 e6 3.Nf3 c5 4.d5 exd5 5.cxd5 d6 6.Nc3 g6 7.e4 Bg7 8.Nd2 O-O
9.Be2 Ne8 10.O-O f5 11.exf5 Bxf5 12.Nc4 Na6 13.Ne3 Bd7 14.Ne4 Qe7 15.Ng3 Nac7
16.a4 Qh4 17.Qb3 b6 18.Bd2 Nf6 19.Bb5 Bxb5 20.axb5 Ng4 21.Nxg4 Qxg4 22.Bc3 c4
23.Qb4 Nxd5 24.Qxd6 Rfd8 25.Qa3 Nxc3 26.bxc3 Rd3 27.Rac1 Qd7 28.Qb4 Qd5 29.Rfe1 Bf8
30.Qa4 Bh6 31.Ne4 Kh8 32.Ra1 Bg7 33.Qb4 Bf8 34.Qb2 Re8 35.f3 Re7 36.g3 Rxf3
37.Qe2 Rd3 38.Qg2 Bg7 39.h4 Qd7 40.Ng5 h6 41.Qa8+ Qd8 42.Qxd8+ Rxd8 43.Rxe7 hxg5
44.Raxa7 Bxc3 45.hxg5 Bd4+ 46.Kg2 c3 47.Re4 c2 48.Rc7 Bc5 49.Rc4 Rd2+ 50.Kh3 Kg8
51.Ra7 Kf8 52.Ra2 Rd5 53.Rcxc2 Rxg5 54.Ra7 Rd5 55.Rca2 Rd3 56.Rh7 Kg8 57.Raa7 Rd6
58.Rag7+ Kf8 59.Rd7 Kg8 60.Rhe7 Rf6 61.Re8+ Bf8 62.Rb8  1-0

[Event "Berga op"]
[Site "Berga"]
[Date "1994.??.??"]
[Round "5"]
[White "Agnos, Demetrios"]
[Black "Ionescu, Constantin"]
[Result "1/2-1/2"]
[WhiteElo "2425"]
[BlackElo "2440"]

1.d4 Nf6 2.c4 e6 3.Nf3 c5 4.d5 d6 5.Nc3 exd5 6.cxd5 g6 7.e4 a6 8.a4 Bg4 9.Be2 Bxf3
10.Bxf3 Nbd7 11.O-O Bg7 12.Bf4 Qe7 13.e5 dxe5 14.d6 Qe6 15.Bxb7 Ra7 16.Bc6 O-O
17.Be3 Rc8 18.Nd5 Qxd6 19.Nxf6+ Qxf6 20.Bxd7 Rd8 21.Qg4 h5 22.Qg3 Rdxd7 23.Bxc5 Rab7
24.b4 e4 25.Rad1 Qc6 26.Qa3 Be5 27.h3 h4 28.Rfe1 Kh7 29.Rxd7 Rxd7 30.Qb3 Kg7
31.Qc4 Qxa4 32.Qxe4 Bc3 33.Re3 Rd1+ 34.Kh2 Bf6 35.Qe8 Qxe8 36.Rxe8 Rd8 37.Re2 Rd1  1/2-1/2

[Event "Berliner Sommer"]
[Site "Berlin"]
[Date "1994.??.??"]
[Round "?"]
[White "Verdihanov, Vladislav"]
[Black "Mattick, Lutz"]
[Result "1-0"]
[WhiteElo "2410"]
[BlackElo "2230"]

1.d4 Nf6 2.Nf3 c5 3.d5 e6 4.c4 exd5 5.cxd5 d6 6.Nc3 g6 7.Bf4 a6 8.e4 Bg7
9.Qa4+ Bd7 10.Qb3 Qe7 11.Bxd6 Qxd6 12.Qxb7 Ng4 13.Be2 O-O 14.Qxa8 Qb6 15.O-O Ne5
16.Nxe5 Bxe5 17.Rab1 Bc8 18.d6 Qxd6 19.g3 Nc6 20.Rfd1 Bd4 21.Nd5 Ne5 22.Qa7 Be6
23.Rxd4  1-0

[Event "Biel op"]
[Site "Biel"]
[Date "1994.??.??"]
[Round "5"]
[White "Panchenko, Alexandar G"]
[Black "Koehler, Ronald"]
[Result "0-1"]
[WhiteElo "2510"]
[BlackElo "2235"]

1.d4 Nf6 2.c4 e6 3.Nc3 c5 4.d5 exd5 5.cxd5 d6 6.Nf3 g6 7.Nd2 Nbd7 8.e4 Bg7
9.Be2 O-O 10.O-O Re8 11.Qc2 Ne5 12.h3 g5 13.Nd1 g4 14.hxg4 Nfxg4 15.f3 Nh6
16.Ne3 Ng6 17.Bb5 Re5 18.g4 a6 19.Bd3 b5 20.b3 Qh4 21.Rf2 Nf4 22.Rh2 Qg3+
23.Kh1 Nxg4 24.Nxg4 Bxg4 25.fxg4 Nxd3 26.Nf1 Qf3+  0-1

[Event "Biel op"]
[Site "Biel"]
[Date "1994.??.??"]
[Round "8"]
[White "Siegel, Georg"]
[Black "Sutter, Oliver"]
[Result "1-0"]
[WhiteElo "2385"]
[BlackElo "2310"]

1.d4 Nf6 2.c4 e6 3.Nc3 c5 4.d5 exd5 5.cxd5 d6 6.Nf3 g6 7.Nd2 Bg7 8.Nc4 O-O
9.Bf4 Na6 10.e4 b5 11.Nxb5 Nxe4 12.Bd3 Qe8 13.Ne3 Bxb2 14.O-O Qe7 15.Rb1 Qf6
16.Bh6 Re8 17.Qa4 Be5 18.Bxe4 Qh4 19.g3 Qxh6 20.Nxd6 Bh3 21.Nxe8 Bxf1 22.Rxf1 Nb4
23.d6 Rd8 24.a3 Na2 25.Bc6  1-0

[Event "Ciocaltea mem"]
[Site "Bucharest"]
[Date "1994.??.??"]
[Round "8"]
[White "Cosma, Ioan"]
[Black "Ionescu, Constantin"]
[Result "1/2-1/2"]
[WhiteElo "2435"]
[BlackElo "2440"]

1.d4 Nf6 2.c4 e6 3.Nf3 c5 4.d5 d6 5.Nc3 exd5 6.cxd5 g6 7.g3 Bg7 8.Bg2 O-O
9.O-O Na6 10.Nd2 Nc7 11.Nc4 Nh5 12.a4 b6 13.Ne4 Ne8 14.Bf3 Ba6 15.Qc2 Nhf6
16.Bg5 Bxc4 17.Qxc4 h6 18.Nxf6+ Nxf6 19.Bd2 Nd7 20.Qc1 Kh7 21.Bc3 f5 22.e3 Rc8
23.Be2 Nf6 24.Rd1 Rc7 25.Qc2 Qe7 26.a5 Rb8 27.axb6 axb6 28.Bb5 Ne4 29.Bxg7 Kxg7
30.Ra4 h5 31.Rda1 Qe5 32.Bc6 b5 33.Ra7 Rxa7 34.Rxa7+ Kh6 35.f3 Nf6 36.Qd2 g5
37.f4 gxf4 38.exf4 Qe4 39.Ra1 Qf3 40.Ra3 Qg4 41.Re3 Ne4 42.Qe1 Qg7 43.Qe2 b4
44.Ba4 Ra8 45.Bd1 Qd4 46.Kg2 Kg7 47.Rd3 Qf6 48.Re3 Ra2 49.Qxh5 Rxb2+ 50.Re2 Rxe2+
51.Bxe2 b3 52.Qe8 Qf7 53.Qb5 Qxd5 54.Bc4 Qd4 55.Bxb3 Qb2+ 56.Kh1 Qb1+ 57.Kg2 Qb2+
58.Kh1 Kh6 59.Qb8 Qb1+ 60.Kg2 Qb2+ 61.Kh1 Qb1+ 62.Kg2 Qb2+ 63.Kh1  1/2-1/2

[Event "Budapest FS04 IM-A"]
[Site "Budapest"]
[Date "1994.??.??"]
[Round "1"]
[White "Wohlfahrt, Herbert J"]
[Black "Palkovi, Jozsef"]
[Result "0-1"]
[WhiteElo "2250"]
[BlackElo "2410"]

1.d4 Nf6 2.Nf3 e6 3.c4 c5 4.d5 exd5 5.cxd5 d6 6.Nc3 g6 7.h3 Bg7 8.e4 O-O
9.Bd3 b5 10.Nxb5 Re8 11.O-O Nxe4 12.Re1 a6 13.Na3 Nf6 14.Rxe8+ Nxe8 15.Bg5 Bf6
16.Bxf6 Nxf6 17.Qd2 Bb7 18.Bc4 Nbd7 19.b4 cxb4 20.Qxb4 Nb6 21.Rb1 Nxc4 22.Nxc4 Bxd5
23.Nd4 a5 24.Qb5 Qc7 25.Nb6 Rb8 26.Nxd5 Rxb5 27.Nxf6+ Kh8 28.Nxb5 Qc2 29.Na3 Qxa2
30.Rb8+ Kg7 31.Ne8+ Kh6 32.Nb5 Qb1+ 33.Kh2 a4 34.Nexd6 a3 35.Nxf7+ Kg7 36.Rb7 a2
37.Nfd6+ Kf8 38.Rf7+ Kg8 39.Nc3 Qd3 40.Nce4 Qxe4  0-1

[Event "Budapest FS10 IM-A"]
[Site "Budapest"]
[Date "1994.??.??"]
[Round "1"]
[White "Leroy, Adrien"]
[Black "Simons, Rudi"]
[Result "1-0"]
[WhiteElo "2220"]
[BlackElo "2250"]

1.d4 Nf6 2.c4 c5 3.d5 e6 4.Nc3 exd5 5.cxd5 d6 6.Nf3 g6 7.Nd2 a6 8.a4 Bg7
9.e4 O-O 10.Be2 Nbd7 11.O-O Re8 12.Qc2 Qc7 13.Nc4 Ne5 14.Ne3 Rb8 15.h3 b6
16.Bd2 g5 17.Nc4 Nxc4 18.Bxc4 g4 19.hxg4 Nxg4 20.g3 Qd7 21.Bd3 Ne5 22.f4 Qh3
23.fxe5 Qxg3+ 24.Kh1 Rxe5 25.Be2 Bg4 26.Bxg4 Qxg4 27.Bf4 Rh5+ 28.Bh2 Kh8
29.Qg2 Qxg2+ 30.Kxg2 Rg8 31.Bg3 Be5 32.Ne2 Rhg5 33.Rf3 Bxb2 34.Rb1 Be5 35.Rxb6 h5
36.Kh3 a5 37.Bxe5+ Rxe5 38.Nc3 Reg5 39.Rxd6 Rg1 40.Rh6+ Kg7 41.Rb6 Kh8 42.Rb1 R1g2
43.d6 Rd2 44.Rd1  1-0

[Event "Budapest Spring op"]
[Site "Budapest"]
[Date "1994.??.??"]
[Round "4"]
[White "Horvath, Jozsef"]
[Black "Nepomnishay, Mikhail I"]
[Result "1-0"]
[WhiteElo "2515"]
[BlackElo "2345"]

1.d4 Nf6 2.Nf3 c5 3.d5 d6 4.c4 e6 5.Nc3 exd5 6.cxd5 g6 7.h3 Bg7 8.e4 O-O
9.Bd3 b5 10.Nxb5 Re8 11.O-O Nxe4 12.Re1 a6 13.Na3 Nf6 14.Rxe8+ Nxe8 15.Bg5 Bf6
16.Qd2 Ra7 17.Nc4 Re7 18.Bc2 Bxg5 19.Qxg5 Bd7 20.a4 a5 21.Nxa5 f6 22.Qd2 Na6
23.Bb3 Nb4 24.Nc4 Bf5 25.Nd4 Be4 26.Ne6 Qc8 27.Ne3 Bd3 28.Rc1 Rb7 29.Rc3 Ba6
30.Nc4 Qb8 31.Na5 Re7 32.Nxc5 Qb6 33.Nxa6 Nxa6 34.Nc6 Re4 35.Bc4 Nec7 36.a5 Qb7
37.Rb3 Qc8 38.Bd3 Re8 39.Rb6 Nc5 40.b4 Nxd5 41.Bc4 Kg7 42.Bxd5 Nd7 43.Na7  1-0

[Event "Budapest FS02 IM (Women)"]
[Site "Budapest"]
[Date "1994.??.??"]
[Round "8"]
[White "Bielicki, Birke"]
[Black "Saljova, Silvie"]
[Result "0-1"]
[WhiteElo "2140"]
[BlackElo "2145"]

1.d4 Nf6 2.Nf3 e6 3.c4 c5 4.d5 exd5 5.cxd5 d6 6.Nc3 g6 7.e4 Bg7 8.Nd2 O-O
9.Be2 a6 10.a4 b6 11.O-O Ne8 12.Nc4 Nd7 13.Bd2 Rb8 14.Qc1 Ne5 15.Ne3 Nc7
16.f4 Nd7 17.Ng4 f5 18.exf5 gxf5 19.Ne3 Nf6 20.Bd3 b5 21.axb5 axb5 22.Bxf5 b4
23.Ne2 Nfxd5 24.Bxc8 Nxe3 25.Bxe3 Qxc8 26.Ng3 Nd5 27.Qc4 Qe6 28.Rae1 Nc7
29.Qxe6+ Nxe6 30.f5 Nd4 31.Bg5 Be5 32.f6 Ne6 33.Bh6 Rf7 34.Ne4 Re8 35.Rf5 c4
36.g4 b3 37.g5 Nd4 38.Rff1 Nc2 39.Re2 Bxb2 40.Rd1 Bd4+ 41.Kg2 d5 42.g6 hxg6
43.Rxc2 Rxe4 44.Rcd2 b2  0-1

[Event "Elekes mem"]
[Site "Budapest"]
[Date "1994.??.??"]
[Round "8"]
[White "Horvath, Jozsef"]
[Black "Anka, Emil"]
[Result "1-0"]
[WhiteElo "2515"]
[BlackElo "2390"]

1.d4 Nf6 2.c4 e6 3.Nf3 c5 4.d5 exd5 5.cxd5 d6 6.Nc3 g6 7.h3 Bg7 8.e4 O-O
9.Bd3 a6 10.a4 Nbd7 11.O-O Nh5 12.Bg5 Bf6 13.Be3 Re8 14.Qd2 Qa5 15.Qc2 Ne5
16.Nd2 Nxd3 17.Qxd3 Bd7 18.Nc4 Qc7 19.Nd2 Be5 20.f4 Bg7 21.g4 Nf6 22.Bf2 b5
23.axb5 axb5 24.Rxa8 Rxa8 25.Nxb5 Qb6 26.Nc3 Qxb2 27.Nc4 Qb8 28.e5 Ne8 29.Rb1 Qc7
30.e6 fxe6 31.dxe6 Bxe6 32.Qe4 Bxc4 33.Qxa8 Qf7 34.Rb7 Qe6 35.Rb8 Kf8 36.Ne4 Ba6
37.f5 gxf5 38.gxf5 Qe5 39.Qxa6 Qxe4 40.Qxd6+ Qe7 41.Qxe7+ Kxe7 42.Bxc5+ Kf7
43.Rb7+ Kg8 44.Kg2  1-0

[Event "Budapest FS02 IM-A"]
[Site "Budapest"]
[Date "1994.??.??"]
[Round "9"]
[White "Zimmerman, Yuri"]
[Black "Lengyel, Bela"]
[Result "1/2-1/2"]
[WhiteElo "2345"]
[BlackElo "2345"]

1.d4 Nf6 2.c4 e6 3.Nf3 c5 4.d5 exd5 5.cxd5 d6 6.Nc3 a6 7.a4 g6 8.h3 Bg7 9.e4 O-O
10.Bd3 Re8 11.O-O c4 12.Bc2 Nbd7 13.Bf4 Nc5 14.Nd2 Qc7 15.Re1 Bd7 16.a5 Bb5
17.Nf3 Nh5 18.Be3 Bd7 19.Bd4 Bxd4 20.Qxd4 Bb5 21.Nh2 Nd7 22.Ng4 Ne5 23.Nh6+ Kg7
24.Qe3 Qc5 25.Qxc5 dxc5 26.Ng4 Nf4 27.Nxe5 Rxe5 28.f3 Nd3 29.Bxd3 cxd3 30.b3 c4
31.bxc4 Bxc4 32.f4 Ree8 33.Kf2 Rac8 34.Ke3 Rc7 35.Kd2 Rd8 36.Rac1 Bb3 37.Kxd3 f5
38.e5 Bxd5 39.Nxd5 Rxd5+ 40.Ke3 Rcd7 41.Ra1 Rd2 42.Re2 R2d3+ 43.Kf2 Rb3 44.Rc1 Rb5
45.Ra1 h5 46.Ra3 g5 47.g4 Kg6 48.fxg5 Kxg5 49.gxf5 Kxf5 50.Rf3+ Kg6 51.Rf6+ Kg7
52.Rf5 Re7 53.Rg5+ Kh6 54.h4 Rxa5 55.Kg3 Ra4 56.Rf2 Re4 57.Rf6+ Kh7 58.Rxh5+ Kg7
59.Rg5+ Kh7 60.Rh5+ Kg8  1/2-1/2

[Event "ARG-World"]
[Site "Buenos Aires"]
[Date "1994.??.??"]
[Round "1"]
[White "Sorin, Ariel"]
[Black "Conquest, Stuart"]
[Result "0-1"]
[WhiteElo "2470"]
[BlackElo "2495"]

1.d4 Nf6 2.c4 e6 3.Nf3 c5 4.d5 exd5 5.cxd5 d6 6.Nc3 a6 7.a4 g6 8.Nd2 Nbd7
9.e4 Bg7 10.Nc4 Nb6 11.Ne3 O-O 12.Be2 Re8 13.Qc2 Qe7 14.a5 Nbd7 15.f3 Nh5
16.g3 Bd4 17.Bd2 f5 18.O-O-O b5 19.axb6 Nxb6 20.Nc4 Nxc4 21.Bxc4 Rb8 22.Rhe1 Qb7
23.b3 Rf8 24.exf5 Bxf5 25.Qa2 Bd7 26.f4 Bb5 27.Re6 Qc7 28.Kc2 Qf7 29.Kc1 Rb7
30.Rde1 Bxc4 31.bxc4 Rfb8 32.Qxa6 Ng7 33.R6e4 Nf5 34.g4 Rb3 35.Kc2 Rb2+ 36.Kd3 Nh4
37.Qxd6 Nf3 38.R1e2 Nxd2 39.Re7 Nxc4 40.Qd7 Ne5+ 41.R2xe5 R8b3 42.Re8+ Kg7
43.Qxf7+ Kxf7 44.R5e7+ Kf6 45.g5+ Kf5 46.Rf8+ Kg4 47.d6 Rxc3+ 48.Ke4 Rd2  0-1

[Event "ARG-ch"]
[Site "Buenos Aires"]
[Date "1994.??.??"]
[Round "7"]
[White "Servat, Roberto"]
[Black "Paglilla, Carlos"]
[Result "1-0"]
[WhiteElo "2445"]
[BlackElo "2400"]

1.d4 Nf6 2.c4 e6 3.Nf3 c5 4.d5 exd5 5.cxd5 d6 6.Nc3 g6 7.h3 Bg7 8.e4 O-O
9.Bd3 a6 10.a4 Nbd7 11.O-O Re8 12.Bf4 c4 13.Bc2 Nc5 14.Re1 Nh5 15.Bh2 Rb8
16.e5 b5 17.axb5 axb5 18.Nd4 Qg5 19.e6 Nf4 20.exf7+ Kxf7 21.Bxf4 Rxe1+ 22.Qxe1 Qxf4
23.Nc6 Rb7 24.Ra8 Bxc3 25.bxc3 Rc7 26.Ra1 Qg5 27.Rd1 Bxh3 28.g3 Bg4 29.Rd4 Kg7
30.Rf4 Bd7 31.Qe3 h6 32.Qd4+ Kg8 33.Rf6 Be8 34.Rxd6 Qc1+ 35.Kg2 Qxc2 36.Rd8 Qe2
37.Qxc5 Rf7 38.Qd4 Qf3+ 39.Kg1 Rf8 40.Ne5 Qf6 41.Rb8 Qd6 42.Rb6 Qc7 43.d6  1-0

[Event "BUL-ch"]
[Site "BUL"]
[Date "1994.??.??"]
[Round "4"]
[White "Dobrev, Nanko"]
[Black "Kolev, Atanas"]
[Result "0-1"]
[WhiteElo "2335"]
[BlackElo "2490"]

1.d4 Nf6 2.Nf3 e6 3.c4 c5 4.d5 d6 5.Nc3 exd5 6.cxd5 g6 7.e4 a6 8.a4 Bg4 9.Be2 Bxf3
10.Bxf3 Nbd7 11.O-O Bg7 12.Be3 O-O 13.Be2 Rc8 14.Qc2 c4 15.a5 Re8 16.Ra4 Nc5
17.Rxc4 Nfxe4 18.Nxe4 Nxe4 19.Bf3 Ng5 20.Rxc8 Nxf3+ 21.gxf3 Qxc8 22.Qxc8 Rxc8
23.b4 Kf8 24.Re1 Rc4 25.Rb1 Rc2 26.Re1 Rc4 27.Rb1 Be5 28.b5 Ra4 29.bxa6 bxa6
30.Rb8+ Ke7 31.Bb6 Bc3 32.Rb7+ Kf6 33.Bc7 Ke5 34.Rb6 Bb4 35.Rxa6 Kxd5 36.Rb6 Bc5
37.Rb1 Kc6 38.Bb6 Rb4 39.Rc1 Rb5 40.Kf1 Kb7 41.Rd1 Bxb6 42.axb6 Rxb6 43.Re1 Kc6
44.Re8 Rb5 45.Rh8 Rh5 46.Rf8 Rf5 47.Rh8 h5 48.Ke2 Kd7 49.Ra8 Rf4 50.Ra1 Rh4
51.Rh1 Ke6 52.Ke3 Ke5 53.Ke2 Rh3 54.Ke3 g5 55.Ke2 f6 56.Rd1 Rxh2 57.f4+ Ke6
58.fxg5 fxg5 59.Rd3 Rh4 60.Re3+ Kf5 61.Rd3 Ke5 62.Ra3 Re4+ 63.Kf1 d5 64.Ra8 Kd4
65.Rh8 h4 66.Rh5  0-1

[Event "ESP-chT"]
[Site "Cala Galdana"]
[Date "1994.??.??"]
[Round "?"]
[White "Pons, Santiago"]
[Black "Suba, Mihai"]
[Result "1-0"]
[WhiteElo "2305"]
[BlackElo "2525"]

1.d4 Nf6 2.Nf3 e6 3.c4 c5 4.d5 d6 5.Nc3 exd5 6.cxd5 g6 7.g3 Bg7 8.Bg2 O-O
9.O-O Na6 10.Nd2 Nc7 11.Nc4 Nfe8 12.e4 b6 13.a4 Ba6 14.Qb3 Qd7 15.f4 Bxc4
16.Qxc4 a6 17.Qe2 Rb8 18.e5 b5 19.axb5 axb5 20.Ra7 Kh8 21.Be3 dxe5 22.fxe5 b4
23.Na4 Bxe5 24.Bxc5 Bd6 25.Bd4+ Kg8 26.Nb6 Qb5 27.Qf2 b3 28.Rc1 Rxb6 29.Bxb6 Nxd5
30.Bd4 Ne7 31.g4 Qg5 32.Re1 Nc8 33.Rb7 Nc7 34.h4 Qf4 35.Qxf4 Bxf4 36.Be5 Bxe5
37.Rxe5 Ne6 38.Bd5 Nd6 39.Rd7 Ne8 40.Bxe6 fxe6 41.Rxe6 Nf6 42.Rd4 Rf7 43.Rb6 Kg7
44.Rxb3 h5 45.g5 Ng4 46.Re4 Rd7 47.Rf3 Rd2 48.b4 Rb2 49.Rff4 Rb1+ 50.Kg2 Rb2+
51.Kg3 Rb3+ 52.Rf3 Rb1 53.Re7+ Kg8 54.Rb7 Rg1+ 55.Kf4 Rc1 56.Ke4 Re1+ 57.Kd4 Rd1+
58.Rd3  1-0

[Event "ESP-chT"]
[Site "Cala Galdana"]
[Date "1994.??.??"]
[Round "?"]
[White "Cramling, Pia"]
[Black "Suba, Mihai"]
[Result "1/2-1/2"]
[WhiteElo "2515"]
[BlackElo "2525"]

1.d4 Nf6 2.c4 e6 3.Nf3 c5 4.d5 d6 5.Nc3 exd5 6.cxd5 g6 7.h3 a6 8.a4 Qe7 9.Bg5 h6
10.Bh4 Nbd7 11.e3 Bg7 12.Nd2 O-O 13.Bd3 Rb8 14.O-O g5 15.Bg3 Ne8 16.Qc2 Ne5
17.Bh7+ Kh8 18.Bf5 Bxf5 19.Qxf5 b5 20.axb5 axb5 21.Ra5 Nc4 22.Nxc4 bxc4 23.Ra2 Kg8
24.Rc1 Rb4 25.Rc2 Bxc3 26.Rxc3 Ng7 27.Qc2 f5 28.f3 Rfb8 29.Bf2 Qe5 30.e4 f4
31.Be1 Nf5 32.Qc1 Nd4 33.Kf1 Nb3 34.Qd1 Nd4 35.Qc1 Qe8 36.Rxc4 Nb3 37.Qc2 Nd4
38.Qc1 Nb3 39.Qc2 Nd4 40.Qc1  1/2-1/2

[Event "Calcutta op"]
[Site "Calcutta"]
[Date "1994.??.??"]
[Round "5"]
[White "Babu, N Sudhakar"]
[Black "Antonio, Rogelio Jr"]
[Result "0-1"]
[WhiteElo "2350"]
[BlackElo "2505"]

1.d4 Nf6 2.c4 e6 3.Nf3 c5 4.d5 exd5 5.cxd5 d6 6.Nc3 g6 7.e4 a6 8.Bg5 Bg7
9.Be2 O-O 10.Qc2 Re8 11.O-O Nbd7 12.Nd2 b5 13.a4 b4 14.Nd1 h6 15.Bh4 b3 16.Qd3 Rb8
17.Nc3 Ne5 18.Qb1 g5 19.Bg3 Ng6 20.Nc4 Nf4 21.Re1 Rb4 22.Bf1 Ng4 23.Qd1 Bd4
24.h3 Ne5 25.Ne3 Qf6 26.Ra3 h5 27.Rxb3 Rxb3 28.Qxb3 Nxh3+ 29.gxh3 Nf3+ 30.Kh1 Nxe1
31.Qd1 h4 32.e5 Qf3+  0-1